00749nam a2200205 a 450000100100000000500170001000800410002704000250006808200160009310000190010924500380012826000430016630000190020949000240022883000310025204900090028395201140029295201200040699900170052600002818620200930031424.0110407s1996 dr 000 p spa d aDO-SdBNPbspacBNPHU axxxxbG642u1 aGonzaga95516110aUna ciudad en tu mano /cGonzaga. aSanto Domingo :bEdiciones Sur,c1996. a7 p. ;c21 cm.1 aDios es amorvno. 2 0aDios es amorvno. 2955186 aBNPD 0010718PDaPDbPDcHDd2011-04-08iLF1l0oxxxx G642up28186-10r2020-06-25w2020-06-25yLFPDZNo se presta 0011718PDaPDbPDcMId2011-04-08iLF1l0oxxxx G642up28186-20r2020-06-25te. 2w2020-06-25yLFPDZNo se presta c27678d27678